000 00731nam a2200229 a 4500
001 BRCA_6012
005 20190320205311.0
008 010411s1953----nyuab#####---#000-0#eng-#
041 _aeng
044 _anyu
050 4 _aDS4
_b.G45 1953
100 1 _aGellhorn, Eleanor Cowles
_915183
245 1 0 _aMcKay´s guide to the Far East and the Middle East
_cEleanor Cowles Gellhorn ; maps by James Mac Donald.
260 _aNueva York
_bDavid McKay
_c1953
300 _axvi, 352 p.
_bil., mapas
_c21 cm.
500 _aIncluye lista de mapas e índice alfabético
500 _aG117E
651 4 _aOriente
_vGuías de viajeros
_xDescripción y viajes
_915184
700 1 _aDonald, James Mac
_915185
902 _aGFM
942 _2lcc
_cB
999 _c5701
_d5701